| 000 | 00673nam a22002057a 4500 | ||
|---|---|---|---|
| 003 | OSt | ||
| 005 | 20160707193046.0 | ||
| 008 | 160305b xxu||||| |||| 00| 0 eng d | ||
| 020 | _a971-91449-0-4 | ||
| 040 | _cLIC | ||
| 082 |
_22011 _aDFil 320 _bD71i |
||
| 100 |
_93472 _aDonato, Juanito E. |
||
| 245 |
_aIntroduction to political science: _bA Simplified text in political science/ _cJuanito E. Donato. |
||
| 250 | _aRevised Edition 2011 | ||
| 260 |
_a[Place of publication not identified]: _b[Publisher not identified], _cc2011. |
||
| 300 |
_axix, 210 pages; _c23 cm. |
||
| 500 | _aIncludes references and index. | ||
| 650 | 0 |
_93474 _aPolitical science |
|
| 942 |
_2ddc _cDFIL |
||
| 999 |
_c1214 _d1214 |
||